<?xml version="1.0" encoding="UTF-8"?><?xml-stylesheet type="text/xsl" href="static/style.xsl"?><OAI-PMH xmlns="http://www.openarchives.org/OAI/2.0/" xmlns:xsi="http://www.w3.org/2001/XMLSchema-instance" xsi:schemaLocation="http://www.openarchives.org/OAI/2.0/ http://www.openarchives.org/OAI/2.0/OAI-PMH.xsd"><responseDate>2026-04-13T06:46:17Z</responseDate><request verb="GetRecord" identifier="oai:www.recercat.cat:10459.1/62984" metadataPrefix="marc">https://recercat.cat/oai/request</request><GetRecord><record><header><identifier>oai:recercat.cat:10459.1/62984</identifier><datestamp>2024-12-05T22:30:50Z</datestamp><setSpec>com_2072_3622</setSpec><setSpec>col_2072_479130</setSpec></header><metadata><record xmlns="http://www.loc.gov/MARC21/slim" xmlns:dcterms="http://purl.org/dc/terms/" xmlns:xsi="http://www.w3.org/2001/XMLSchema-instance" xmlns:doc="http://www.lyncode.com/xoai" xsi:schemaLocation="http://www.loc.gov/MARC21/slim http://www.loc.gov/standards/marcxml/schema/MARC21slim.xsd">
   <leader>00925njm 22002777a 4500</leader>
   <datafield ind2=" " ind1=" " tag="042">
      <subfield code="a">dc</subfield>
   </datafield>
   <datafield ind2=" " ind1=" " tag="720">
      <subfield code="a">Escorial Martín, Sergio</subfield>
      <subfield code="e">author</subfield>
   </datafield>
   <datafield ind2=" " ind1=" " tag="720">
      <subfield code="a">Aluja Fabregat, Antón</subfield>
      <subfield code="e">author</subfield>
   </datafield>
   <datafield ind2=" " ind1=" " tag="720">
      <subfield code="a">García Rodríguez, Luis Francisco</subfield>
      <subfield code="e">author</subfield>
   </datafield>
   <datafield ind2=" " ind1=" " tag="720">
      <subfield code="a">García, Oscar</subfield>
      <subfield code="e">author</subfield>
   </datafield>
   <datafield ind2=" " ind1=" " tag="720">
      <subfield code="a">Blanch Plana, Angel</subfield>
      <subfield code="e">author</subfield>
   </datafield>
   <datafield ind2=" " ind1=" " tag="260">
      <subfield code="c">2018-04-04T14:34:50Z</subfield>
   </datafield>
   <datafield ind2=" " ind1=" " tag="260">
      <subfield code="c">2018-04-04T14:34:50Z</subfield>
   </datafield>
   <datafield ind2=" " ind1=" " tag="260">
      <subfield code="c">2015</subfield>
   </datafield>
   <datafield ind2=" " ind1=" " tag="520">
      <subfield code="a">Psychobiological models of personality are of great use in clinical and research settings given their potential to construct working hypotheses on biological and behavioural correlates, as well as to predict vulnerability to mental disorders. Two personality models are rooted in this psychobiological tradition: Zuckerman`s Alternative Five Factors and the Karolinska Personality Scales (KSP). A new instrument (ZKA-PQ) has been recently developed by Aluja, Kuhlman &amp; Zuckerman (2010) to measure the Alternative Five Factors. The ZKA-PQ incorporates four new facets by each trait. This article analyses areas of overlap and differences between the ZKA-PQ and Karolinska Personality Scales. The total &#xd;
sample comprised 584 subjects (294 men and 290 women). The results suggest that sensation seeking (ZKA-PQ) is mainly associated with monotony avoidance (KSP), neuroticism (ZKA-PQ) with anxiety scales, aggressiveness (ZKA-PQ) with every KSP aggression scale, and extroversion (ZKA-PQ) with the detachment scale (KSP). The discussion mainly centres on the information provided by the ZKA-PQ facets beyond basic personality traits, since in certain cases they qualify these general patterns, adding relevant information on the nature of the ZKA-PQ and Karolinska scales.</subfield>
   </datafield>
   <datafield ind2=" " ind1=" " tag="520">
      <subfield code="a">Los modelos psicobiológicos de personalidad tienen gran mayor utilidad en entornos clínicos y de investigación, dado su mayor potencial para desarrollar hipótesis de trabajo sobre los correlatos biológicos y conductuales, así como para predecir la vulnerabilidad a los trastornos mentales. Dos modelos de personalidad tienen sus raíces en la tradición psi-cobiológica: El modelo de los cinco factores alternativo de Marvin Zuckerman y el que fundamenta las escalas de personalidad Karolinska (KSP). Un nuevo instrumento (ZKA-PQ) se ha desarrollado recientemente por Aluja, Kuhlman y Zuckerman (2010) para medir los cinco factores alternativos. El ZKA-PQ incorpora cuatro nuevas facetas en cada rasgo. Los solapamientos y las divergencias entre el ZKA-PQ y las escalas Karolinska de Personalidad se analizan en el presente estudio. La muestra total comprende 584 sujetos (294 varones y 290 mujeres). Los resultados sugieren que búsqueda de sensaciones (ZKA-PQ) se relaciona principalmente con la evitación de la monotonía (KSP), el neuroticismo (ZKA-PQ) con las escalas de ansiedad, la agresividad (ZKA-PQ) con las escalas agresión del KSP, y extroversión (ZKA-PQ) con la escala de separación (KSP). La discusión se centra principalmente en la información proporcionada por las facetas ZKA-PQ más allá de los rasgos básicos de la personalidad, ya que estas clarifican en ciertos casos los patrones generales, añadiendo algo de información relevante acerca de la naturaleza del ZKA-PQ y de las escalas  Karolinska.</subfield>
   </datafield>
   <datafield ind1="8" ind2=" " tag="024">
      <subfield code="a">http://hdl.handle.net/10459.1/62984</subfield>
   </datafield>
   <datafield tag="653" ind2=" " ind1=" ">
      <subfield code="a">ZKA-PQ</subfield>
   </datafield>
   <datafield tag="653" ind2=" " ind1=" ">
      <subfield code="a">Karolinska Personality Scales</subfield>
   </datafield>
   <datafield tag="653" ind2=" " ind1=" ">
      <subfield code="a">Zuckerman’s Psychobiological Personality Model</subfield>
   </datafield>
   <datafield tag="653" ind2=" " ind1=" ">
      <subfield code="a">Escalas Karolinska de Personalidad</subfield>
   </datafield>
   <datafield tag="653" ind2=" " ind1=" ">
      <subfield code="a">Modelo de Personalidad Psicobiológico de Zuckerman</subfield>
   </datafield>
   <datafield ind2="0" ind1="0" tag="245">
      <subfield code="a">Relationships between Karolinska Personality Scales and the new factors and facets of the Zuckerman-Kuhlman-Aluja Personality Questionnaire</subfield>
   </datafield>
   <datafield ind2="0" ind1="0" tag="245">
      <subfield code="a">Relaciones entre las Escalas de Personalidad Karolinska y los nuevos factores y facetas del Cuestionario de Personalidad de Zuckerman-Kuhlman-Aluja</subfield>
   </datafield>
</record></metadata></record></GetRecord></OAI-PMH>